| 000 | 00558nam a2200193Ia 4500 | ||
|---|---|---|---|
| 003 | GCL | ||
| 008 | 140319s9999 xx 000 0 eng d | ||
| 040 |
_aGCL / _cGCL |
||
| 082 | 0 | 4 |
_a150 _bM I |
| 100 | 1 | _aMC GEE, MARK G | |
| 245 | 1 | 0 |
_aINSTRUCTOR'S MANUAL TO ACCOMPANY PSYCHOLOGY: SCIENCE AND APPLICATION / _cMC GEE, MARK G |
| 700 | 1 | _aWILSON, DAVID W | |
| 700 | 1 | _aROY, M.A ARON | |
| 260 |
_a[S.N] : _bWEST PUBLISHING COMPANY ، _c1984 |
||
| 300 | _a424 P | ||
| 650 | 0 | 4 | _aPSYCHOLOGY - APPLICATION |
| 650 | 0 | 4 | _aPSYCHOLOGY - SCIENCE |
| 942 |
_2ddc _cBK |
||
| 999 |
_c13232 _d13232 |
||